Belén y Michu Buenas noticias: no hay noticias : libro 8 /
Belén y Michu necesitan plata. No importa para qué. No es necesario saberlo. Bueno, sí. Es para comprar queso. Dos bolsitas de queso descremado Quesadeli en porciones individuales. ¡Nadie puede imaginar para qué quieren comprarlas! ¿Cómo van a hacer Belén y Michu para ganar plata? ¿Van a cuidar chic...
Guardado en:
| Autor Principal: | |
|---|---|
| Otros Autores: | , |
| Formato: | Libro |
| Idioma: | Undetermined |
| Publicado: |
Buenos Aires :
Catapulta,
2021.
|
| Edición: | 1a ed. |
| Materias: | |
| Etiquetas: |
Agregar Etiqueta
Sin Etiquetas, Sea el primero en etiquetar este registro!
|
| LEADER | 01419nam a22002415a 4500 | ||
|---|---|---|---|
| 001 | CEM.cems024926 | ||
| 008 | 251006s2021####ag############000#0#und#d | ||
| 005 | 20251006175300.0 | ||
| 245 | 1 | 0 | |a Belén y Michu Buenas noticias: no hay noticias : |b libro 8 / |c Annie Barrows ; ilustrado por Sophie Blackall. |
| 250 | |a 1a ed. | ||
| 260 | |a Buenos Aires : |b Catapulta, |c 2021. | ||
| 300 | |a 127 p. | ||
| 500 | |a Título original: Ivy and Bean: No news: good news. | ||
| 500 | |a Edad sugerida: a partir de 7 años. | ||
| 520 | |a Belén y Michu necesitan plata. No importa para qué. No es necesario saberlo. Bueno, sí. Es para comprar queso. Dos bolsitas de queso descremado Quesadeli en porciones individuales. ¡Nadie puede imaginar para qué quieren comprarlas! ¿Cómo van a hacer Belén y Michu para ganar plata? ¿Van a cuidar chicos? ¡Pañales! ¡Puaj! ¿Van a lavar autos? Seguramente, no. ¿Van a escribir un diario sobre la calle Panqueque y venderlo? ¡Sí! Una gran idea, y también parece fácil. Lo único que Belén y Michu tienen que hacer es husmear por el barrio para conseguir noticias. | ||
| 020 | |a 9789876379830 | ||
| 100 | 1 | |a Barrows, Annie. | |
| 700 | 1 | |a Blackall, Sophie; il. | |
| 700 | 1 | |a Paoloni, Cristina; trad. | |
| 653 | |a Literatura estadounidense | ||
| 653 | |a Literatura infantil y juvenil | ||
| 653 | |a Novela estadounidense | ||
| 859 | |a CEMS |b BIB. CEMS - 11 de abril |h 813.5 |i B278 |p 30446.25 |t Ej.1 |v 8 |3 8 | ||
